Obtención y caracterización de un acilglicerol semisintético

Na minha lista:
Detalhes bibliográficos
Autor principal: Ruphuy Chan, Gabriela
Formato: Livro
Publicado em: San José, Costa Rica 2008
Assuntos:
Tags: Adicionar Tag
Sem tags, seja o primeiro a adicionar uma tag!

MARC

LEADER 00000nam a2200000Ia 4500
003 00110
005 20221231144100.0
008 140114s2008 c a 000 ||s d
040 |c cru CEDI 
090 |a TFG 5635 
100 |a Ruphuy Chan, Gabriela   |9 4385 
245 |a Obtención y caracterización de un acilglicerol semisintético  
260 |c 2008  |b San José, Costa Rica 
300 |a xii, 103 hojas; ilustraciones 
500 |a Proyecto de graduación (licenciatura en ingeniería química)--Universidad de Costa Rica. Facultad de Ingeniería. Escuela de Ingeniería Química 
650 |x HIPERALIMENTACION PARENTERAL   |x DIGESTION  |x  ABSORCION (FISIOLOGIA)   |x GLICOSIDOS   |x  ENZIMAS  |x  ANALISIS  |9 4386 
942 |c TFG 
999 |c 16626  |d 16626